00471nam a2200169Ia 4500008004100000020001500041082000800056100002400064245001800088250000600106260002700112500002400139650002400163942000700187952009000194999001700284230524s9999 xx 000 0 und d a8179923308 bSHA aRobin Sharma917550 0aFamily Wisdom a1 aBangalorebJaicoc2011 aQuantity Number: 1 aMiscellanies917551 cBK 00104070aTATCLbTATCLcGENd2023-05-24l0o SHAp47306r2023-05-24w2023-05-24yBK c26552d26552